00404nam a2200145Ia 4500008004100000020001500041041001200056082001600068100001800084245009200102250000800194260003200202300000800234650001600242221030s9999 xx 000 0 und d a8157522143 aEnglish a105.23bSal aR. S. Salaria 0aData Structures & Algorithms using C : Theory Design & Implementationcby R. S. Salaria a2nd bKhanna PubaNew Delhic2006 a606 aBE Computer